Подробности
| 000 -МАРКЕР |
| контрольное поле |
01675nam0a2200337 4500 |
| 001 - ИДЕНТИФИКАТОР ЗАПИСИ |
| контрольное поле |
RU\NLR\bibl\84395 |
| 005 - ИДЕНТИФИКАТОР ВЕРСИИ |
| контрольное поле |
20260406200833.0 |
| 010 ## - МЕЖДУНАРОДНЫЙ СТАНДАРТНЫЙ НОМЕР КНИГИ (ISBN) |
| Номер (ISBN) |
5-8037-0029-0 |
| Тираж |
500 |
| 021 ## - НОМЕР ГОСУДАРСТВЕННОЙ РЕГИСТРАЦИИ |
| Код страны |
Российская Федерация |
| Номер |
1999-52503 |
| Номер Листа государственной регистраци |
2604 |
| 035 ## - ДРУГИЕ СИСТЕМНЫЕ НОМЕРА |
| Идентификатор записи |
(NLR Aleph) 000082426 |
| 100 ## - ДАННЫЕ ОБЩЕЙ ОБРАБОТКИ |
| Данные общей обработки |
20000505d1999 |||y0rusy50 ca |
| 101 1# - ЯЗЫК РЕСУРСА |
| Язык текста, звукозаписи и т.д. |
русский |
| Язык оригинала |
грузинский |
| 102 ## - СТРАНА ПУБЛИКАЦИИ ИЛИ ПРОИЗВОДСТВА |
| Страна публикации |
Российская Федерация |
| 105 ## - ПОЛЕ КОДИРОВАННЫХ ДАННЫХ: ТЕКСТОВЫЕ МАТЕРИАЛЫ, МОНОГРАФИЧЕСКИЕ |
| Кодированные данные о монографическом текстовом документе |
ac ||||||||| |
| 200 1# - ЗАГЛАВИЕ И СВЕДЕНИЯ ОБ ОТВЕТСТВЕННОСТИ |
| Основное заглавие |
Он весь был устремлен в будущее... |
| Сведения, относящиеся к заглавию |
Очерки и воспоминания о Г.Е. Чиковани |
| Первые сведения об ответственности |
Ин-т физики Акад. наук Грузии и др. |
| Последующие сведения об ответственности |
[Н.Г. Таталашвили (сост. и ред. |
| -- |
Редкол.: Б.А. Долгошеин и др. |
| Обозначение и номер части |
Пер. с груз. Т.Д. Пурцеладзе] |
| 210 ## - ПУБЛИКАЦИЯ, РАСПРОСТРАНЕНИЕ И ДР. |
| Место издания, распространения и т.д. |
М. |
| Имя издателя, распространителя и т. д. |
Янус-К |
| Дата издания, распространения и т.д. |
1999 |
| 215 ## - ФИЗИЧЕСКАЯ ХАРАКТЕРИСТИКА |
| Специфическое обозначение материала и объем |
112 с., [4] л. ил., портр. |
| Другие сведения о физической характеристике |
портр. |
| Размеры |
21 |
| 300 ## - ОБЩИЕ ПРИМЕЧАНИЯ |
| Текст примечания |
В надзаг. также: Физ. ин-т им. П.Н. Лебедева Рос. акад. наук, Моск. инженер.-физ. ин-т |
| 600 #1 - ИМЯ ЛИЦА КАК ПРЕДМЕТ |
| Начальный элемент ввода |
Чиковани |
| Часть имени, кроме начального элемента ввода |
Г.Е. |
| Даты |
1928 - 1968 |
| Расширение инициалов личного имени |
Георгий Евгеньевич |
| Системный номер авторитетной/нормативной записи |
2163416 |
| Идентификатор авторитетной/нормативной записи |
RU\NLR\auth\661301834 |
| 600 #1 - ИМЯ ЛИЦА КАК ПРЕДМЕТ |
| Начальный элемент ввода |
Чиковани |
| Часть имени, кроме начального элемента ввода |
Г. Е. |
| Даты |
1928-1968 |
| Расширение инициалов личного имени |
Георгий Евгеньевич |
| Код системы |
psbo |
| 686 ## - ИНДЕКСЫ ДРУГИХ КЛАССИФИКАЦИЙ |
| Индекс |
В38д(2)Чиковани |
| 702 #1 - ИМЯ ЛИЦА - ВТОРИЧНАЯ ОТВЕТСТВЕННОСТЬ |
| Начальный элемент ввода |
Таталашвили |
| Часть имени, кроме начального элемента ввода |
Н. Г. |
| Код отношения |
Составитель |
| 702 #1 - ИМЯ ЛИЦА - ВТОРИЧНАЯ ОТВЕТСТВЕННОСТЬ |
| Начальный элемент ввода |
Долгошеин |
| Часть имени, кроме начального элемента ввода |
Б. А. |
| Код отношения |
Редактор |
| 712 02 - НАИМЕНОВАНИЕ ОРГАНИЗАЦИИ - ВТОРИЧНАЯ ОТВЕТСТВЕННОСТЬ |
| Код отношения |
Прочие |
| Начальный элемент ввода |
Институт физики |
| Идентифицирующий признак |
Тбилиси |
| Идентификатор авторитетной/нормативной записи |
RU\NLR\AUTH\889960387 |
| Системный номер авторитетной/нормативной записи |
417039 |
| 801 #0 - ИСТОЧНИК ЗАПИСИ |
| Страна |
Российская Федерация |
| Организация |
NLR |
| Дата составления |
20000505 |
| Правила каталогизации |
PSBO |
| 801 #1 - ИСТОЧНИК ЗАПИСИ |
| Страна |
Российская Федерация |
| Организация |
NLR |
| Дата составления |
20000505 |
| 852 ## - МЕСТОНАХОЖДЕНИЕ И ШИФР ХРАНЕНИЯ |
| Идентификатор организации |
NLR |
| Шифр хранения (Call Number) |
2000-3/2292 |
| 942 ## - ДОПОЛНИТЕЛЬНЫЕ ЭЛЕМЕНТЫ ЗАПИСИ (АБИС) |
| Тип экземпляра АБИС |
Книга |
| 980 ## - КОЛЛЕКЦИЯ |
| Название коллекции |
Национальная библиография |